Služby prodejen spotřebních družstev

Gespeichert in:
Bibliographische Detailangaben
1. Verfasser: Janula, Ladislav
Format: Buch
Sprache:Tschechisch
Veröffentlicht: Praha Svépomoc 1987
Tags: Tag hinzufügen
Keine Tags, Fügen Sie das erste Tag hinzu!

MARC

LEADER 00000nam a2200000 4500
001 c111577
005 20150326095120.0
041 0 |a cze 
044 |a CZ 
245 1 0 |a Služby prodejen spotřebních družstev  |c Ladislav Janula 
264 1 |a Praha  |b Svépomoc  |c 1987 
300 |a 87 s. 
100 1 |a Janula, Ladislav